| 000 | 00705nam a2200253 a 4500 | ||
|---|---|---|---|
| 001 | adlib96000001 | ||
| 003 | ViArRB | ||
| 005 | 200902210153555.7 | ||
| 008 | 960221s1955 dcuabcdjdbkoqu001 0deng d | ||
| 020 | _a | ||
| 022 | _a | ||
| 040 | _aAdlib | ||
| 082 | _a547 | ||
| 245 | _aintroduction to organic chemistry | ||
| 250 | _a | ||
| 260 |
_aSan Francisco _bHolden-Day _c1977 |
||
| 300 |
_axxviii, 818p. _c |
||
| 500 | _a | ||
| 100 |
_aReusch, William H _e |
||
| 700 |
_a _a |
||
| 942 | _cBK | ||
| 653 |
_aPhysical organic chemistry _aOrganic chemistry _aOrganic reactions |
||
| 952 |
_w2010-06-16 _p00014241 _r2011-10-03 _40 _00 _bUL _10 _o547 REU _d2010-06-16 _70 _yBK _s2011-09-17 _l3 _aUL |
||
| 999 |
_c15501 _d15500 |
||